000 00404nam a22001697a 4500
005 20180518110632.0
008 160521b xxu||||| |||| 00| 0 eng d
020 _a81-203-1235-X
041 _aeng
082 _b3966
_a519.5
100 _aLevin R. I. & Rubin D. S.
_9984
245 _aStatistics for Management
260 _bPrentice Hall
300 _a1026
650 _aManagement
_9241
942 _cBK
999 _c1350
_d1350